Vol. 1: Carbon with No Attached Heteroatoms; Comprehensive Organic Functional Group Transformations II

Dades bibliogràfiques
Parent link:Comprehensive Organic Functional Group Transformations II/ под ред. A. R. Katritzky, R. J. K. Taylora. Vol. 1: Carbon with No Attached Heteroatoms.— , 2005.— 0-08-044256-0
Altres autors: Cossy J. Janine (редактор)
Idioma:anglès
Publicat: 2005
Matèries:
Format: MixedMaterials Llibre
KOHA link:https://koha.lib.tpu.ru/cgi-bin/koha/opac-detail.pl?biblionumber=119195

MARC

LEADER 00000nam2a2200000 4500
001 119195
005 20231101215525.0
035 |a (RuTPU)RU\TPU\book\128992 
035 |a RU\TPU\book\116836 
090 |a 119195 
100 |a 20070627d2005 k y0engy50 ba 
101 0 |a eng 
102 |a NL 
105 |a a z 001zy 
200 0 |a Vol. 1: Carbon with No Attached Heteroatoms  |f под ред. J. Cossy 
210 |d 2005 
215 |a 1310 p.  |c il. 
320 |a Subject Index: p. 1261-1310. 
320 |a References: p. 1252-1258. 
461 1 |0 (RuTPU)RU\TPU\book\129217  |y 0-08-044256-0  |t Comprehensive Organic Functional Group Transformations II  |f под ред. A. R. Katritzky, R. J. K. Taylora  |v Vol. 1: Carbon with No Attached Heteroatoms  |d 2005 
606 1 |a Органическая химия  |2 stltpush  |3 (RuTPU)RU\TPU\subj\47309  |9 66362 
610 1 |a органические соединения 
610 1 |a химические вещества 
610 1 |a органический синтез 
610 1 |a состав 
610 1 |a структура 
610 1 |a элементоорганические соединения 
610 1 |a карбонильные соединения 
675 |a 547  |v 3 
702 1 |a Cossy  |b J.  |g Janine  |4 340 
801 1 |a RU  |b 63413507  |c 20070117  |g PSBO 
801 2 |a RU  |b 63413507  |c 20190211  |g PSBO 
942 |c BK 
959 |a 2/20070117  |d 1  |e 141418,78  |f ЧЗИЛ:1